| 000 | 00815nam a2200217 4500 | ||
|---|---|---|---|
| 005 | 20230130073003.0 | ||
| 008 | 230130s2010 enka|||gr|||| 00| 0 eng d | ||
| 020 | _a9781861262486 | ||
| 040 |
_aCO-BoUCM _bspa _cDeissy Garcia _dDeissy Garcia |
||
| 041 | 0 | _aeng | |
| 100 | 1 |
_9176638 _aFraser, Neil |
|
| 245 | 1 | 0 |
_aStage lighting design _ba practical guide _cNeil Fraser ; prólogo Richard Attenborough |
| 260 |
_aMarlborough, Wiltshire _bCrowood Press _c1999 |
||
| 300 |
_a208 páginas _bilustraciones |
||
| 504 | _aIncluye referencias bibliográficas | ||
| 650 | 0 |
_9176639 _aIluminación escénica _vManuales |
|
| 650 | 0 |
_9176640 _aAlumbrado de teatros _vManuales |
|
| 700 |
_963391 _aAttenborough, Richard _eprólogo |
||
| 942 |
_2DEWEY _cLIBRO _a17 _h792.025 _mF841s _e1 _n0 |
||
| 999 |
_c322047 _d322047 |
||